|
|
|
|
| LEADER |
00000nam0a2200000 4500 |
| 001 |
260307 |
| 005 |
20231101233451.0 |
| 010 |
|
|
|a 9785996315413
|
| 035 |
|
|
|a (RuTPU)RU\TPU\book\283255
|
| 090 |
|
|
|a 260307
|
| 100 |
|
|
|a 20140515d2014 km y0rusy50 ca
|
| 101 |
1 |
|
|a rus
|c eng
|
| 102 |
|
|
|a RU
|
| 105 |
|
|
|a a z 000zy
|
| 200 |
1 |
|
|a Сюрреальные числа
|e пер. с англ.
|f Д. Кнут
|
| 210 |
|
|
|a Москва
|c БИНОМ. Лаборатория знаний
|d 2014
|
| 215 |
|
|
|a 110 с.
|c ил.
|
| 330 |
|
|
|a Захватывающая приключенческо-математическая история от известного и блестящего автора Дональда Кнута. Двое героев случайно находят камень с древними письменами и открывают для себя новые математические структуры. Для студентов, преподавателей и всех любителей математики.ATTTIV г -I
|
| 606 |
1 |
|
|a Математика занимательная
|2 stltpush
|3 (RuTPU)RU\TPU\subj\41196
|9 61007
|
| 610 |
1 |
|
|a числа
|
| 610 |
1 |
|
|a символы
|
| 610 |
1 |
|
|a доказательства
|
| 610 |
1 |
|
|a математические действия
|
| 610 |
1 |
|
|a сложение
|
| 610 |
1 |
|
|a теоремы
|
| 610 |
1 |
|
|a бесконечность
|
| 610 |
1 |
|
|a умножение
|
| 675 |
|
|
|a 51-8
|v 3
|
| 700 |
|
1 |
|a Кнут
|b Д.
|g Дональд
|
| 801 |
|
1 |
|a RU
|b 63413507
|c 20140515
|
| 801 |
|
2 |
|a RU
|b 63413507
|c 20150702
|g RCR
|
| 942 |
|
|
|c BK
|
| 959 |
|
|
|a 39/20140227
|d 2
|e 200,00
|f ЧЗТЛ:1
|f АНЛ:1
|